00321nam a2200133Ia 45000030006000000080041000060400015000471000028000622450024000902600036001143000006001505460014001560050017001700STCL150530s9999 xx 000 0 und d aSTCLcSTCL aParayil Shamshudeen, M. aIkballinte Sahityam bBharatha Vilasam; Trichurc1947 a0 aMalayalam20220125171816.0